The buildings of Britain Regency: A guide and gazetteer (Record no. 86465)

MARC details
000 -LEADER
fixed length control field 00670cam a2200253 4500
008 - FIXED-LENGTH DATA ELEMENTS--GENERAL INFORMATION
fixed length control field 090401t1982 xxu||||| |||| 00| 0 eng d
020 ## - INTERNATIONAL STANDARD BOOK NUMBER
International Standard Book Number 0091479908
035 ## - SYSTEM CONTROL NUMBER
System control number (Sirsi) u7969
041 ## - LANGUAGE CODE
Language code of text/sound track or separate title eng
050 ## - LIBRARY OF CONGRESS CALL NUMBER
Classification number 724.19
100 ## - MAIN ENTRY--PERSONAL NAME
Personal name Watkin, David
245 #4 - TITLE STATEMENT
Title The buildings of Britain Regency: A guide and gazetteer
260 ## - PUBLICATION, DISTRIBUTION, ETC.
Place of publication, distribution, etc. London
Name of publisher, distributor, etc. Barrie & Jenkins Ltd
Date of publication, distribution, etc. 1982
300 ## - PHYSICAL DESCRIPTION
Extent 192p. ; 21cm.
350 ## - PRICE (NR) (BK AM CF MU VM SE) [OBSOLETE]
Price 0
490 ## - SERIES STATEMENT
Series statement The Buildings of Britain
650 ## - SUBJECT ADDED ENTRY--TOPICAL TERM
Topical term or geographic name entry element ARCHITECTURAL GUIDES
650 ## - SUBJECT ADDED ENTRY--TOPICAL TERM
Topical term or geographic name entry element ARCHITECTURE
650 ## - SUBJECT ADDED ENTRY--TOPICAL TERM
Topical term or geographic name entry element GREAT BRITAIN
650 ## - SUBJECT ADDED ENTRY--TOPICAL TERM
Topical term or geographic name entry element REGENCY ARCHITECTURE
700 ## - ADDED ENTRY--PERSONAL NAME
Personal name Service, Alastair
International Standard Serial Number Editor
942 ## - ADDED ENTRY ELEMENTS (KOHA)
Suppress in OPAC 0
948 ## - LOCAL PROCESSING INFORMATION (OCLC); SERIES PART DESIGNATOR (RLIN)
c (OCLC) 04/03/1997
Holdings
Withdrawn status Lost status Source of classification or shelving scheme Damaged status Not for loan Home library Current library Shelving location Date acquired Total Checkouts Full call number Barcode Date last seen Copy number Price effective from Koha item type
    Dewey Decimal Classification     London London Books 10/09/1991   724.19 30078728 06/08/2019 1 06/08/2019 Book